|
|
|
|
| LEADER |
00000naa2a2200000 4500 |
| 001 |
215606 |
| 005 |
20231031193936.0 |
| 035 |
|
|
|a (RuTPU)RU\TPU\book\235536
|
| 035 |
|
|
|a RU\TPU\book\235531
|
| 090 |
|
|
|a 215606
|
| 100 |
|
|
|a 20120514d1982 k y0rusy50 ca
|
| 101 |
0 |
|
|a rus
|
| 102 |
|
|
|a RU
|
| 200 |
1 |
|
|a Спектры возбуждения коротковолновой люминесценции кристаллов и порошков окиси бериллия
|f К. Н. Гиниятулин [и др.]
|
| 320 |
|
|
|a Библиогр.: с. 81-82 (38 назв.)
|
| 463 |
|
0 |
|0 (RuTPU)RU\TPU\book\235496
|t Электронные возбуждения и дефекты окислов и галогенидов металлов
|f Академия наук Эстонской ССР (АН ЭССР), Институт физики (ИФ)
|v С. 71-82
|d 1982
|p 219 с.
|s Труды института физики АН ЭССР ; Вып. 53
|
| 701 |
|
1 |
|a Гиниятулин
|b К. Н.
|
| 701 |
|
1 |
|a Малышева
|b А. Ф.
|
| 701 |
|
1 |
|a Кружалов
|b А. В.
|
| 701 |
|
1 |
|a Кярнер
|b Т. Н.
|
| 801 |
|
1 |
|a RU
|b 63413507
|c 20120514
|
| 801 |
|
2 |
|a RU
|b 63413507
|c 20120514
|g RCR
|
| 942 |
|
|
|c BK
|